000
00222nam a2200097Ia 4500
001
985176
005
20250826221038.0
008
250824s9999 xx 000 0 und d
245
0
_a
TALEBE
_c
TARA WESTOVER
260
_b
DOMİNGO
999
_c
985176
_d
985176